000 00308nam a2200097Ia 4500
008 160908s9999 xx 000 0 und d
245 _aCourse Syllabus (AB Multimedia Arts ) : 1st Semester (2016-2017) vol. 2 /
260 _bSISC.
_c2017
500 _aAB Multimedia Syllabi.
650 _aAB Multimedia - Syllabi.
999 _c300997
_d300997